000 00287nam a22001337a 4500
008 171002b xxu||||| |||| 00| 0 eng d
020 _a9780072818819
041 _aeng
080 _a159.9
100 _a48
101 _aPSI
245 _aCRITICAL THINKING
_cNOEL.B
942 _2udc
_cBK
999 _c31180
_d31180